| 000 | 00941nam0a22002651 4500 | ||
|---|---|---|---|
| 001 | rc\3568139 | ||
| 005 | 20260407111026.0 | ||
| 021 |
_aRU _b[76-53141] |
||
| 035 | _a(NLR Aleph) 007799590 | ||
| 090 |
_a7678662 _c7678662 |
||
| 100 | _a20130115d1976 |||y0rusy50 ca | ||
| 101 | 0 | _arus | |
| 102 | _aRU | ||
| 105 | _aa z ||||| | ||
| 200 | 1 |
_aЯ шью сама _eМодели с черт. кроя _e[Альбом] _fОбщесоюзный дом моделей одежды |
|
| 210 |
_aМосква _cОбщесоюзный дом моделей одежды _d1976 |
||
| 215 |
_a49 с. _cил. _d28 |
||
| 606 |
_aОдежда _xМодели _z1976 _2psbo |
||
| 606 |
_aОдежда _xВыкройки _jЧертежи _2psbo |
||
| 712 | 0 | 2 |
_aВсесоюзный дом моделей одежды _3RU\NLR\AUTH\889938468 _9371782 |
| 801 | 0 |
_aRU _bNLR _gpsbo |
|
| 801 | 1 |
_aRU _bELAR _2rusmarc |
|
| 852 |
_aNLR _j76-8/1590 |
||
| 942 | _cBOOK | ||
| 980 | _aNB | ||